LEADER 01711oam 2200493M 450 001 9910716685303321 005 20210706163657.0 035 $a(CKB)5470000002523309 035 $a(OCoLC)1065763770 035 $a(OCoLC)995470000002523309 035 $a(EXLCZ)995470000002523309 100 $a20071213d1927 ua 0 101 0 $aeng 135 $aurcn||||||||| 181 $ctxt$2rdacontent 182 $cc$2rdamedia 183 $acr$2rdacarrier 200 10$aSalary limitations of public school employees in the District of Columbia. February 25, 1927. -- Ordered to be printed 210 1$a[Washington, D.C.] :$c[U.S. Government Printing Office],$d1927. 215 $a1 online resource (2 pages) 225 1 $aSenate report / 69th Congress, 2nd session. Senate ;$vno. 1610 225 1 $a[United States congressional serial set] ;$v[serial no. 8685.] 300 $aBatch processed record: Metadata reviewed, not verified. Some fields updated by batch processes. 300 $aFDLP item number not assigned. 606 $aLegislative amendments 606 $aPublic schools 606 $aWages 606 $aTeachers 608 $aLegislative materials.$2lcgft 615 0$aLegislative amendments. 615 0$aPublic schools. 615 0$aWages. 615 0$aTeachers. 701 $aCapper$b Arthur$f1865-1951$pRepublican (KS)$01386839 801 0$bWYU 801 1$bWYU 801 2$bOCLCO 801 2$bOCLCQ 801 2$bOCLCO 801 2$bOCLCQ 906 $aBOOK 912 $a9910716685303321 996 $aSalary limitations of public school employees in the District of Columbia. February 25, 1927. -- Ordered to be printed$93522956 997 $aUNINA LEADER 01471nas 2200457- 450 001 9910130695103321 005 20230512213021.0 035 $a(OCoLC)905958177 035 $a(CKB)3430000000000021 035 $a(CONSER)--2023242010 035 $a(EXLCZ)993430000000000021 100 $a20150217a20109999 --- - 101 0 $adan 135 $aurmnu|||||||| 181 $ctxt$2rdacontent 182 $cc$2rdamedia 183 $acr$2rdacarrier 200 00$aAkademisk kvarter $etidsskrift for humanistisk forskning /$fAalborg Universitet 210 1$aAalborg :$cAalborg Universitet,$d2010- 215 $a1 online resource 300 $aRefereed/Peer-reviewed 311 08$a1904-0008 517 1 $aAcademic quarter : journal for humanistic research 517 1 $aAK 517 1 $aTidsskrift for humanistisk forskning 517 1 $aResearch from the humanities. 606 $aHumanities$vPeriodicals 606 $aLearning and scholarship$vPeriodicals 606 $aSocial sciences$xPeriodicals$2fast$3(OCoLC)fst001122939 606 $aHumanities$xPeriodicals$2fast$3(OCoLC)fst0096361 607 $aDenmark$2fast 608 $aPeriodicals.$2lcgft 615 0$aHumanities 615 0$aLearning and scholarship 615 7$aSocial sciences$xPeriodicals. 615 7$aHumanities$xPeriodicals. 712 02$aAalborg universitet, 906 $aJOURNAL 912 $a9910130695103321 996 $aAkademisk kvarter$91968603 997 $aUNINA